| 000 | | | 04239nac2a22002773x 450 |
| 001 | | | b8d1e3c6-4938-43c4-8854-6fe9028fd08c |
| 005 | | | 20210714183917.0 |
| 100 | ## | $a | 20210610l1933 k y0rusy50 ca |
| 101 | 0# | $a | rus |
| 102 | ## | $a | RU |
| 105 | ## | $a | y z ||||| |
| 122 | 0# | $a | d19330124 |
| 200 | 1# | $a | Стенограмма Пленарного Заседания 3-й Сессии ЦИК СССР 6-го созыва. /Утро/ |
| | $j | 24.01.1933 |
| 215 | ## | $a | 1 лист |
| 251 | ## | $c | Дело |
| 300 | ## | $a | Заголовок дела на папке: Стенограмма Пленарного Заседания 3-й Сессии ЦИК Союза ССР 6-го созыва. 24 января 1933 г. (утро) |
| 300 | ## | $a | Рукописный текст |
| 330 | ## | $a | Входит в раздел описи: VI-й Съезд Советов. 3-я Сессия ЦИК СССР |
| 461 | #0 | $1 | 001796d4672-8a00-4986-b488-6e42273792cc |
| | $1 | 2001 |
| | $a | ЦЕНТРАЛЬНЫЙ ИСПОЛНИТЕЛЬНЫЙ КОМИТЕТ СССР (ЦИК СССР) |
| | $1 | 251 |
| | $c | Фонд |
| | $1 | 852 |
| | $j | 3316 |
| | $g | Р |
| 462 | #0 | $1 | 001ffc5d47f-75c7-4b00-a108-34d4b382154c |
| | $1 | 2001 |
| | $a | Дела VI-го Съезда Советов и 1-й, 2-й, 3-й, 4-й Сессий ЦИК СССР 6-го созыва. 1931-1934 гг. |
| | $v | Д. 179 |
| | $1 | 251 |
| | $c | Опись |
| | $1 | 852 |
| | $j | 6 |
| 517 | 1# | $a | Стенограмма Пленарного Заседания 3-й Сессии ЦИК Союза ССР 6-го созыва. 24 января 1933 г. (утро) |
| 601 | 01 | $3 | RU\NLR\AUTH\880357276 |
| | $a | СССР |
| | $b | ЦИК |
| 601 | 01 | $3 | RU\NLR\AUTH\880473174 |
| | $a | СССР |
| | $b | ЦИК |
| | $b | Созыв |
| | $c | 6 |
| | $b | Сессия |
| | $d | 3 |
| 801 | #0 | $a | RU |
| | $b | GA_RF |
| 801 | #1 | $a | RU |
| | $b | ГлавНИВЦ |
| | $c | 20210610 |
| | $2 | rusmarc |
| 801 | #2 | $a | RU |
| | $b | ПБ им. Б.Н. Ельцина |
| | $c | 20210714 |
| | $g | RCR |
| | $2 | rusmarc |
| 852 | ## | $a | ГА РФ |
| | $j | 179 |
| 937 | ## | $d | 166131261 |
| | $h | ГАРФ |
| 035 | ## | $a | RuPRLIB51060279 |
| 856 | ## | $u | http://readingroom.main.prlib.ru/item.aspx?id_node=n166131261&mode=full |